|
|
|
|
| LEADER |
00989nam a22002532a 4500 |
| 001 |
000288400 |
| 003 |
CZ BrMZK |
| 005 |
20090329203849.0 |
| 007 |
ta |
| 008 |
010907s1989 xo f 000 0 slo d |
| 040 |
|
|
|a BOA001
|b cze
|
| 080 |
|
|
|a 372.866.69(075.3):377.5
|2 MRF
|
| 100 |
1 |
|
|a Sýkora, Vladislav
|7 jk01122220
|4 aut
|
| 245 |
1 |
0 |
|a Technológia (výroba maltovín a betónu) pre 4. ročník SPŠ stavebných :
|b študijný odbor 27-24-5 technológia stavebných pojív a vibrácie /
|c Vladislav Sýkora, Jan May
|
| 250 |
|
|
|a 2. vyd.
|
| 260 |
|
|
|a Bratislava :
|b Alfa,
|c 1989
|
| 300 |
|
|
|a 484 s. +
|e [1] příl.
|
| 490 |
1 |
|
|a Edícia stavebníckej literatúry
|
| 700 |
1 |
|
|a May, Jan
|7 jk01080934
|4 aut
|
| 830 |
|
0 |
|a Edícia stavebníckej literatúry (Alfa)
|0 s
|
| 910 |
|
|
|a BOA001
|b PK-0109.473
|
| 964 |
|
|
|a Stavebnictví - technologie - učebnice - školy odborné střední
|
| 990 |
|
|
|a BK
|
| 996 |
7 |
|
|b 3119921343
|c PK-0109.473
|l MZK
|r Sklad / do 1 hodiny
|n 1
|w 000288400
|u 000010
|a 1
|e BOA001
|j MZK50
|s A
|